Most Popular Apps 2025 - Statistics

General Stats
  • This quiz has been taken 11 times
  • The average score is 6 of 10
Answer Stats
Downloads App % Correct
38 Million Instagram
100%
39 Million TikTok
100%
30 Million Facebook
90%
52 Million ChatGPT
70%
27 Million WhatsApp
60%
20 Million Snapchat
50%
23 Million CapCut
30%
20 Million Telegram
30%
23 Million Threads
30%
26 Million Temu
20%
No matching quizzes found
Score Distribution
Percent of People with Each Score
Percentile by Number Answered
Your Score History
You have not taken this quiz